LEADER 01385nas a2200253 i 4500 001 000000161039 003 CaOOAMICUS 005 20070521000000.0 008 070427b2007 it uu u0 0ita r 013 $a138402 040 $aSeMil$bita 245 10$aScritti di Giovannitti a Tusiani ; Amelia e Maria Rosselli :$blettere dall'esilio ai Cividalli (1937-1945) ; «Gli italiani al voto» : il commento di Stefano Passigli ; Il bicentenario dell'eroe dei due Mondi. 260 $aFirenze :$bLe Monnier,$c2007. 260 $aFirenze :$bFondazione Spadolini Nuova Antologia,$c2007. 300 $a401 p. ;$c24 cm. 500 $aTitoli principali dalla copertina. 773 0 $tNuova Antologia.$dRoma : [s.n.] $x0029-6147$w()2541 774 0 $t[vedi periodico].$w()266336 850 $aSeMil 852 $aSeMil$W1$xVenegono$y1$m177 5 44$j112479$B112479$CSeMilBibl$Z2$F123421 $85 961 $aOmaggio: Ministero per i Beni e le Attivitą Culturali 996 $6245$aScritti di Giovannitti a Tusiani ; Amelia e Maria Rosselli :$blettere dall'esilio ai Cividalli (1937-1945) ; «Gli italiani al voto» : il commento di Stefano Passigli ; Il bicentenario dell'eroe dei due Mondi$9(OLS)http://semarc/title/143940 996 $6260$aFirenze :$bFondazione Spadolini Nuova Antologia$9(OLS)http://semarc/publisher/44372 996 $6260$aFirenze :$bLe Monnier$9(OLS)http://semarc/publisher/30060 LEADER 01621nam a2200301 i 4500 001 000000158851 003 CaOOAMICUS 005 20070213000000.0 008 070213s2000 xxu u000 u eng u 013 $a136214 020 $a1-57506-037-X 040 $aSeMil$bita 245 10$aReconsidering Israel and Judah :$bRecent Studies on the Deuteronomistic History /$cEdited by Gary N. Knoppers and J. Gordon McConville. 260 $aWinona Lake, Indiana :$bEisenbrauns,$c2000. 300 $axxii, 650 p. ;$c24 cm. 490 0 $aSources for Biblical and Theological Study. ;$v8 650 4$aBibbia. Antico Testamento. Deuteronomio - Commentari, studi, critica, interpretazioni.$0(OLS)http://semarc/subject/2785 650 4$aBibbia. Antico Testamento - Commentari, studi, critica, interpretazioni.$0(OLS)http://semarc/subject/2 650 4$aEbrei - Storia - fino a Sec. 6.a.C - Storiografia.$0(OLS)http://semarc/subject/17062 700 1 $aMcConville, J. Gordon.$0(OLS)http://semarc/name/41611 700 1 $aKnoppers, Gary N. <1956- >.$0(OLS)http://semarc/name/92488 830 0$aSources for biblical and theological study ;$v8.$0(OLS)http://semarc/title/140540 850 $aSeMil 852 $aSeMil$W1$xVenegono$y1$m2V IV 192$j110455$B110455$CSeMilBibl$Z2$F120153 $81 961 $aOmaggio: Borgonovo don Gianantonio 996 $6020$a1-57506-037-X$9(OLS)http://semarc/number/74337 996 $6245$aReconsidering Israel and Judah :$bRecent Studies on the Deuteronomistic History$9(OLS)http://semarc/title/140546 996 $6260$aWinona Lake, Indiana :$bEisenbrauns$9(OLS)http://semarc/publisher/32679 LEADER 01345nam a2200301 i 4500 001 000000118141 003 CaOOAMICUS 005 20030922000000.0 008 030922s2002 it u000 u ita u 013 $a90834 020 $a88-343-0899-9 040 $aSeMil$bita 100 1 $aNash-Marshall, Siobhan.$0(OLS)http://semarc/name/49297 245 13$aLa ricettivitą dell'intelletto :$bLonergan e la ripresa della gnoseologia scolastica nel 20. secolo /$cSiobhan Nash-Marshall. 260 $aMilano :$bV&P,$c2002. 300 $aXIV, 268 p. ;$c22 cm. 490 0 $aFilosofia. Ricerche ;$v. 500 $aDono del Card. Dionigi Tettamanzi. 650 4$aGnoseologia filosofica.$0(OLS)http://semarc/subject/5462 650 4$aLonergan, Bernard J.F. - Teoria della conoscenza.$0(OLS)http://semarc/subject/20444 830 0$aFilosofia. Ricerche ;$v.$0(OLS)http://semarc/title/401045 850 $aSeMil 852 $aSeMil$W1$xVenegono$y1$m2P IV 367$j73462$B73462$CSeMilBibl$Z2$F77779 $81 941 1 $a5 961 $aOmaggio: Tettamanzi Card. Dionigi 996 $6020$a88-343-0899-9$9(OLS)http://semarc/number/102680 996 $6245$aLa ricettivitą dell'intelletto :$bLonergan e la ripresa della gnoseologia scolastica nel 20. secolo$9(OLS)http://semarc/title/173522 996 $6260$aMilano :$bV&P$9(OLS)http://semarc/publisher/32040